=LDR 00000nam 2200000 4500 =001 INLIS000000000013093 =005 20130612104534 =008 ***********************************Ind** =035 ##$$0010-061300000013093 =041 ##$$a Ind =082 ##$$a 371.206 =090 ##$$a 371.206, Sup s =100 ##$$a Supriadi, Dedi =245 ##$$a Satuan biaya pendidikan dasar dan menengah, Prof.Dr. Dedi Supriadi =260 ##$$a 2004 $b Bandung =300 ##$$a 272 hlm, 24 cm =650 ##$$a Pendidikan - Biaya =850 ##$$a NBPNMAT =990 ##$$a 21602578/BPAP-NTB/2017 =990 ##$$a 21602600/BPAP-NTB/2017